| 000 | 00518nam a22001697a 4500 | ||
|---|---|---|---|
| 008 | 230628b |||||||| |||| 00| 0 eng d | ||
| 020 | _a81-7621-096-X | ||
| 040 |
_aNational Science Library _cNational Science Library |
||
| 080 |
_a316.752 _bP2 |
||
| 100 | 1 |
_aBanna, Pramod _912472 |
|
| 245 | _aसफलता केअनमोल रत्न | ||
| 246 |
_aSafalta ke anmol ratna _hHindi |
||
| 260 |
_aNew Delhi: _bFull Circle publishing, _c2001 |
||
| 300 | _a191p. | ||
| 700 | _aBanna, Vijay | ||
| 942 |
_2udc _cBK |
||
| 999 |
_c48213 _d48213 |
||